00469nam a2200193 a 4500001001300000003000900013005001700022008004100039020000800080082001800088100002200106245001900128260003600147300000900183500003500192505001000227650001600237700002200253nice12345678IN_TiNIC20260116011804.0050524s1944 agra grp 000 0 urd  ac300a891.4391bSIM aSimab, Akberabadi aAalam-E-Aashob aAgrabMaktaba Qisrul Adabc1944 a428p aincludes index and biblioraphy2 aNotes aUrdu-Poetry1 aSimab, Akberabadi